000 00485nmm a2200169Ia 4500
008 251105s9999||||xx |||||||||||||||||und||
020 _a9789560001894
041 _aspa
100 _aDíaz Eterovic, Ramón
245 0 _aLa muerte juega a ganador
264 _a[Santiago de Chile, Chile] :
_bLOM Ediciones,
_c2010
300 _a276 páginas
490 _aNarrativa
650 _aLatin American narrative
856 _uhttps://public.digitaliapublishing.com/a/18220
942 _cCF
999 _c93444
_d93444